[Event "Challenge"]
[Site "http://www.queenalice.com/game.php?id=283569"]
[Date "2007.10.9"]
[Round "-"]
[White "fernandosoares"]
[Black "black_dama"]
[Result "0-1"]
[WhiteElo "1285"]
[BlackElo "2021"]

1. e4 e5 2. f3 d5 3. Nc3 Nf6 4. Nge2 d4 5. Nb5 a6 6. Na3 Nc6 7. c3 d3 8. Ng3 h5
9. Nf5 Nh7 10. g4 g6 11. Nc4 gxf5 12. gxf5 Qh4# 0-1

[Event "Challenge"]
[Site "http://www.queenalice.com/game.php?id=284680"]
[Date "2007.10.11"]
[Round "-"]
[White "fernandosoares"]
[Black "ERYCA"]
[Result "0-1"]
[WhiteElo "1301"]
[BlackElo "1713"]

1. e4 c5 2. b3 Nc6 3. Bc4 e6 4. Nf3 g6 5. O-O Bg7 6. d4 cxd4 7. c3 dxc3 8. Nxc3
Bxc3 9. Bd2 Bxa1 10. Qxa1 Nf6 11. e5 Ne4 12. a4 O-O 13. h4 Nxd2 14. Nxd2 Qxh4
15. g3 Qg4 16. Kg2 b6 17. f3 Qf5 18. Re1 Bb7 19. g4 Qf4 20. Qc1 Nxe5 21. Qd1
Nxg4 22. Kh3 Nf2+ 23. Kg2 Nxd1 24. Rxd1 h5 25. Ne4 Bxe4 26. fxe4 Qg4+ 27. Kf2
Qxd1 28. e5 d5 29. Bb5 Rac8 30. Kg3 Rc2 31. Kh4 Qg4# 0-1

[Event "Challenge"]
[Site "http://www.queenalice.com/game.php?id=290310"]
[Date "2007.10.20"]
[Round "-"]
[White "fernandosoares"]
[Black "caraumar"]
[Result "0-1"]
[WhiteElo "1291"]
[BlackElo "1535"]

1. e4 e6 2. Nf3 d5 3. d3 c5 4. c4 g6 5. h4 Bg7 6. Bg5 Qa5+ 7. Nc3 d4 8. Ke2 dxc3
9. bxc3 Bxc3 10. Rc1 Qxa2+ 11. Ke3 Bd4+ 12. Nxd4 cxd4+ 13. Kxd4 Qxf2+ 14. Be3
Qb2+ 15. Rc3 Nc6+ 16. Kc5 Qb4# 0-1

[Event "Challenge"]
[Site "http://www.queenalice.com/game.php?id=290311"]
[Date "2007.10.20"]
[Round "-"]
[White "Alessandra"]
[Black "fernandosoares"]
[Result "1-0"]
[WhiteElo "1162"]
[BlackElo "1291"]

1. e4 e5 2. Nf3 f6 3. d3 Nc6 4. g3 d5 5. Bd2 Bd7 6. Bg2 Nd4 7. Bc3 Bg4 8. Nbd2
Nh6 9. O-O c6 10. Qc1 Bc5 11. a3 dxe4 12. Nxd4 exd4 13. Bb4 b6 14. Nxe4 Qe7 15.
Bxc5 bxc5 16. Re1 Kf7 17. Ng5+ fxg5 18. Rxe7+ Kxe7 19. Qe1+ Kd8 20. Qe5 Re8 21.
Qd6+ Kc8 22. Qxc6+ Kd8 23. Qxa8+ Ke7 24. Re1+ Kf8 25. Qxe8# 1-0

[Event "Challenge"]
[Site "http://www.queenalice.com/game.php?id=290312"]
[Date "2007.10.20"]
[Round "-"]
[White "fernandosoares"]
[Black "FPM"]
[Result "0-1"]
[WhiteElo "1300"]
[BlackElo "1834"]

1. e4 d6 2. d3 Nf6 3. f3 e5 4. Nc3 Nc6 5. Qe2 Nd7 6. Bd2 Nd4 7. Qd1 Nb8 8. Nd5
Qd7 9. g4 Qc6 10. c3 Ne6 11. c4 Be7 12. b4 Qd7 13. b5 Bh4+ 14. Ke2 c6 15. Nc3
Qe7 16. f4 exf4 17. Nf3 Nd7 18. h3 Ne5 19. Bg2 Nxf3 20. Kxf3 g5 21. a4 Nd4# 0-1

[Event "Challenge"]
[Site "http://www.queenalice.com/game.php?id=290321"]
[Date "2007.10.20"]
[Round "-"]
[White "fernandosoares"]
[Black "Frankone"]
[Result "0-1"]
[WhiteElo "1298"]
[BlackElo "1527"]

1. e4 e5 2. Nf3 Nc6 3. b3 Nf6 4. Bc4 Bc5 5. O-O Nxe4 6. Nc3 Nxf2 7. Qe2 Nd3+ 8.
Kh1 Nxc1 9. Raxc1 f6 10. a4 d6 11. Nd5 Bg4 12. d3 Nd4 13. Qe4 f5 14. Qe3 Nxf3
15. gxf3 Bxe3 16. fxg4 Bxc1 17. Rxc1 fxg4 18. Rg1 c6 19. Nc3 d5 20. Bb5 cxb5 21.
axb5 Rc8 22. Rxg4 Rxc3 23. Rxg7 Qf6 24. Rxb7 Qf1# 0-1

[Event "Challenge"]
[Site "http://www.queenalice.com/game.php?id=290344"]
[Date "2007.10.21"]
[Round "-"]
[White "fernandosoares"]
[Black "valdiluis"]
[Result "0-1"]
[WhiteElo "1248"]
[BlackElo "1859"]

1. e4 c5 2. c3 d6 3. b4 Nf6 4. d3 g6 5. Be3 cxb4 6. cxb4 Bg7 7. Be2 Nxe4 8. dxe4
Bxa1 9. b5 Qa5+ 10. Bd2 Qxa2 11. Nc3 Bxc3 12. Bxc3 O-O 13. e5 dxe5 14. Nf3 f6
15. Nd2 Nd7 16. Bc4+ Qxc4 17. Nxc4 Nc5 18. Qd5+ Ne6 19. f4 exf4 20. Bb4 Kg7 21.
Bxe7 Re8 22. Qd6 Kf7 23. g3 Rxe7 24. gxf4 Nxf4+ 25. Kf2 Nh3+ 26. Kg2 Be6 27. Re1
g5 28. Qc5 Rc8 29. Nd6+ Kg6 30. Nxc8 Nf4+ 31. Kf2 Nd3+ 32. Ke2 Nxc5 33. Nxe7+
Kf7 34. h3 Kxe7 0-1

[Event "Challenge"]
[Site "http://www.queenalice.com/game.php?id=294191"]
[Date "2007.10.28"]
[Round "-"]
[White "fernandosoares"]
[Black "klebert_jordan"]
[Result "0-1"]
[WhiteElo "1270"]
[BlackElo "1268"]

1. e4 e6 2. d3 Nc6 3. Be3 Bb4+ 4. c3 Ba5 5. b4 Bb6 6. d4 Nf6 7. e5 Nd5 8. b5 Na5
9. c4 Nxe3 10. fxe3 a6 11. c5 Ba7 12. bxa6 bxa6 13. a4 Qg5 14. Ra3 Rb8 15. h4
Qg3+ 16. Ke2 Rb2+ 17. Kd3 Nc6 18. Ne2 Qg6+ 19. e4 d5 20. Ke3 dxe4 21. Nf4 Qg3+
22. Kxe4 f5+ 0-1

[Event "Elvio"]
[Site "http://www.queenalice.com/game.php?id=295496"]
[Date "2007.10.30"]
[Round "2"]
[White "tche_elvio"]
[Black "fernandosoares"]
[Result "1-0"]
[WhiteElo "1446"]
[BlackElo "1268"]

1. f4 f6 2. Nf3 e5 3. d3 d6 4. e4 Be6 5. f5 Bd7 6. Be2 g6 7. Bd2 Nc6 8. O-O Qe7
9. a3 O-O-O 10. Nc3 gxf5 11. Nd5 Qf7 12. Nb4 d5 13. Nxd5 Kb8 14. Nh4 h5 15. Nxf5
Nh6 16. Nxh6 Bxh6 17. Bxh5 Qe6 18. Bxh6 Rxh6 19. Bg4 Qd6 20. Bxd7 Rxd7 21. Qg4
f5 22. Qxf5 Rdh7 23. Qf8+ Nd8 24. Qxd6 cxd6 25. h3 Ne6 26. Rf6 Rh4 27. Rxe6 b5
28. Rxd6 a6 29. Rxa6 Kb7 30. Rb6+ Ka7 31. a4 Rb7 32. axb5+ Kb8 33. c4 Kc8 34.
Ra8+ Kd7 35. Nf6+ Kc7 36. Rc6# 1-0

[Event "Challenge"]
[Site "http://www.queenalice.com/game.php?id=295976"]
[Date "2007.10.31"]
[Round "-"]
[White "fernandosoares"]
[Black "caraumar"]
[Result "0-1"]
[WhiteElo "1275"]
[BlackElo "1680"]

1. e4 e6 2. f4 d5 3. d3 dxe4 4. dxe4 Qxd1+ 5. Kxd1 Nf6 6. e5 Ne4 7. Bd3 Nf2+ 8.
Ke2 Nxh1 9. Be3 b6 10. Nf3 Bc5 11. Nc3 Bb7 12. Rxh1 O-O 13. Nb5 Na6 14. a3 Bxe3
15. Kxe3 Rfc8 16. b4 Nb8 17. h4 a6 18. Nbd4 c5 19. bxc5 bxc5 20. Ne2 f5 21. Ng5
c4 22. Bxf5 exf5 23. Rd1 Bxg2 24. h5 Ra7 25. c3 Bc6 26. Kf2 Be8 27. Nd4 h6 28.
Nge6 Bxh5 29. Nxf5 Bxd1 30. Nfd4 Rf7 31. Ke1 Ba4 32. f5 Nc6 0-1

[Event "Challenge"]
[Site "http://www.queenalice.com/game.php?id=296826"]
[Date "2007.11.2"]
[Round "-"]
[White "fernandosoares"]
[Black "Cuti"]
[Result "0-1"]
[WhiteElo "1269"]
[BlackElo "1937"]

1. e4 e5 2. d3 Nc6 3. c3 h6 4. Be2 Nf6 5. b4 d5 6. b5 Ne7 7. c4 dxc4 8. Bb2 cxd3
9. Bxd3 Ng6 10. Nf3 Bb4+ 11. Bc3 Bxc3+ 12. Nxc3 Nf4 13. a4 Nxd3+ 14. Kd2 Nxf2+
15. Ke2 Nxd1 16. Rhxd1 Qe7 17. h3 b6 18. g4 Bb7 19. a5 Nxe4 0-1

[Event "Challenge"]
[Site "http://www.queenalice.com/game.php?id=297376"]
[Date "2007.11.3"]
[Round "-"]
[White "fernandosoares"]
[Black "RuyLopez"]
[Result "1-0"]
[WhiteElo "1259"]
[BlackElo "1636"]

1. e4 e5 2. b3 Nf6 3. Nc3 Nc6 4. f3 d5 5. exd5 Nxd5 6. Bc4 Nxc3 7. dxc3 Qxd1+ 8.
Kxd1 Bf5 9. g4 O-O-O+ 10. Bd2 Bg6 11. h4 h5 12. Ne2 hxg4 13. fxg4 1-0

[Event "Challenge"]
[Site "http://www.queenalice.com/game.php?id=298337"]
[Date "2007.11.4"]
[Round "-"]
[White "fernandosoares"]
[Black "Ikki_de_Fenix"]
[Result "0-1"]
[WhiteElo "1302"]
[BlackElo "1858"]

1. e4 c5 2. Bc4 Nc6 3. d3 d6 4. Nf3 Nf6 5. O-O g6 6. Be3 Bg7 7. Nc3 O-O 8. Ng5
Ne5 9. Bb3 h6 10. Nh3 Bxh3 11. gxh3 Qd7 12. d4 Qxh3 13. dxe5 Ng4 14. f3 Qxh2#
0-1

[Event "Challenge"]
[Site "http://www.queenalice.com/game.php?id=298362"]
[Date "2007.11.5"]
[Round "-"]
[White "fernandosoares"]
[Black "gilsinho22"]
[Result "0-1"]
[WhiteElo "1197"]
[BlackElo "1537"]

1. e4 e5 2. Nf3 d6 3. d4 Nc6 4. Bd3 exd4 5. c3 dxc3 6. bxc3 Ne5 7. O-O Nxd3 8.
Qxd3 Nf6 9. e5 dxe5 10. Qxd8+ Kxd8 11. Nxe5 Be6 12. Rd1+ Ke8 13. f4 Bc5+ 14. Kf1
Ng4 15. h3 Ne3+ 16. Ke2 Nxd1 17. Kxd1 Rd8+ 18. Kc2 h5 19. h4 Bf5+ 0-1

[Event "Challenge"]
[Site "http://www.queenalice.com/game.php?id=298401"]
[Date "2007.11.5"]
[Round "-"]
[White "fernandosoares"]
[Black "seoulmama"]
[Result "0-1"]
[WhiteElo "1254"]
[BlackElo "2042"]

1. e4 e6 2. e5 d6 3. f4 dxe5 4. fxe5 Qh4+ 5. g3 Qe4+ 6. Ne2 Qxh1 7. d3 b6 8. c4
Bb7 9. Nbc3 Bg2 10. Nf4 Qxf1+ 11. Kd2 Qf2+ 12. Nfe2 Nc6 13. Ne4 Bxe4 14. dxe4
O-O-O+ 15. Kc3 Rxd1 16. Nf4 Qe1+ 17. Kc2 Nd4+ 18. Kb1 Rxc1# 0-1

[Event "Challenge"]
[Site "http://www.queenalice.com/game.php?id=305435"]
[Date "2007.11.17"]
[Round "-"]
[White "fernandosoares"]
[Black "bydelsklovnen"]
[Result "0-1"]
[WhiteElo "1289"]
[BlackElo "1341"]

1. e4 e5 2. d3 Bc5 3. Nf3 d6 4. Be2 Bg4 5. O-O h5 6. h3 Bxf3 7. gxf3 Qh4 8. Kg2
g5 9. Rg1 Qxf2+ 10. Kh1 g4 11. Rf1 Qh4 12. Kh2 Qxh3# 0-1

[Event "Challenge"]
[Site "http://www.queenalice.com/game.php?id=305472"]
[Date "2007.11.17"]
[Round "-"]
[White "Lord"]
[Black "fernandosoares"]
[Result "1-0"]
[WhiteElo "1273"]
[BlackElo "1267"]

1. e4 Nf6 2. b3 Nxe4 3. Bd3 d5 4. Ba3 Nc6 5. f3 Ng5 6. f4 Ne4 7. Nc3 Be6 8. Nxe4
dxe4 9. Bxe4 f5 10. Nf3 fxe4 11. Ne5 e3 12. dxe3 Nxe5 13. fxe5 g6 14. O-O Bg7
15. Qf3 Kd7 16. Rad1+ 1-0

[Event "Challenge"]
[Site "http://www.queenalice.com/game.php?id=305873"]
[Date "2007.11.18"]
[Round "-"]
[White "ChildsPlay"]
[Black "fernandosoares"]
[Result "1-0"]
[WhiteElo "1219"]
[BlackElo "1226"]

1. e4 Nf6 2. d3 e5 3. Bg5 d6 4. Nf3 Be6 5. Nc3 Be7 6. Nb5 O-O 7. a3 a6 8. d4
axb5 9. Bxb5 c6 10. Ba4 h6 11. Bh4 g5 12. Bg3 b5 13. Bb3 g4 14. Nd2 exd4 15. O-O
h5 16. a4 d5 17. exd5 cxd5 18. Re1 Nc6 19. f3 Bc5 20. Bh4 Na5 21. axb5 1-0